|
|
|
|
| LEADER |
00000nab a2200000 a 4500 |
| 001 |
vtls011709026 |
| 003 |
SK-MaSNL |
| 005 |
20260305000046.0 |
| 008 |
170831c20170825xo drz 0 0slo |
| 038 |
|
|
|a KEVKJB
|
| 040 |
|
|
|a KEVKJB
|b slo
|c KEVKJB
|e AACR2
|
| 041 |
0 |
|
|a slo
|
| 044 |
|
|
|a xo
|c SK
|
| 080 |
|
|
|a 398:929
|2 2011
|
| 100 |
1 |
|
|a Almášiová, Monika
|4 aut
|9 1086573
|
| 245 |
1 |
0 |
|a Pri tejto piesni sa nedá hrať divadlo
|b z piesne Hej, Sokoly! sa z noci do rána stal hit
|c Monika Almášiová
|
| 300 |
|
|
|b Fotogr.
|
| 600 |
1 |
7 |
|a Kandráč, Ondrej,
|d 1978-
|2 kevkjb
|9 170298
|
| 650 |
0 |
7 |
|a folklór
|2 kevkjb
|9 19213
|
| 650 |
0 |
7 |
|a osobnosti
|2 kevkjb
|9 29820
|
| 651 |
|
7 |
|a Košice (Slovensko)
|2 kevkjb
|9 18694
|
| 773 |
0 |
|
|t Korzár
|g Roč. XX., č. 198 (25.8.2017)
|x 2585-7355
|
| 773 |
0 |
8 |
|i Príl.:
|t Pohoda na ľudovú nôtu
|g S. 8
|
| 852 |
|
|
|a KEVKJB
|b KIS3GCP
|
| 856 |
4 |
1 |
|u https://presov.korzar.sme.sk/c/20634136/ondrej-kandrac-pri-tejto-piesni-sa-neda-hrat-divadlo.html
|
| 958 |
|
|
|a BX
|
| 999 |
|
|
|c 3211981
|d 3213911
|